Missing countries + state - Statistics

General Stats
  • This quiz has been taken 11 times
  • The average score is 5 of 14
Answer Stats
Hint Country / State % Correct
Europe Italy
75%
State Alaska
50%
Africa Malawi
50%
Asia Sri Lanka
50%
Asia United Arab Emirates
50%
Asia Azerbaijen
38%
Europe Iceland
38%
Africa Madagascar
38%
Asia South Korea
38%
Africa Swaziland
38%
Europe Finland
25%
South America French Guinea
13%
Africa Somalie
0%
Africa Tunesia
0%
No matching quizzes found
Score Distribution
Percent of People with Each Score
Percentile by Number Answered
Your Score History
You have not taken this quiz